[Event "ICS rated blitz match"]
[Site "204.178.125.65"]
[Date "1999.08.11"]
[Round "?"]
[White "Big-Pawn"]
[Black "Hossa"]
[Result "0-1"]
[WhiteElo "2151"]
[BlackElo "2412"]
[Annotator "Fritz 5.32 (19s)"]
[PlyCount "104"]
[EventDate "1999.??.??"]

1. Nf3 1... g6 {Opening = B10 -(2.Nf3 d5 3.Nc3 ---)} 2. g3 d5 3. Bg2 Bg7 4. d3
e5 5. O-O Ne7 6. Nbd2 (6. e4 O-O 7. Nc3 d4 8. Ne2 c5 9. c4 Nbc6 10. a3 a5 11.
b3 Bd7 12. Rb1 Nc8 13. Ne1 Nd6 14. Qc2 Qc7 15. f4 f5 16. exf5 Nxf5 17. Bd5+ Kh8
18. Ng2 Rae8 19. Bd2 b6 20. Rbe1 20... exf4 {
Bezold,M-Kharitonov,A/Stockholm SWE 1999/0-1 (40)}) 6... O-O 7. e4 7... c6 $146
(7... Nbc6 8. exd5 (8. c3 a5 9. a4 h6 10. exd5 Nxd5 11. Nc4 Bf5 12. Re1 Re8 13.
Nh4 Be6 14. Bd2 Qd7 15. Qb3 Nde7 16. Bf1 Rad8 17. Rad1 b6 18. Bc1 g5 19. Ng2
Bg4 20. Be2 Bxe2 21. Rxe2 Nf5 22. Ree1 22... Nfd4 {
Frias,V-Baburin,A/2nd Mechanics, San Francisco USA 1997/0-1 (34)}) 8... Nxd5 9.
Re1 Re8 10. c3 h6 11. a4 a5 12. Nc4 Ra6 13. Qc2 Nb6 14. Nxb6 Rxb6 15. Be3 Ra6
16. Rad1 Bf5 17. Qb3 Qc8 18. Bc5 Be6 19. Qc2 Bg4 20. Re3 Ra8 21. Rde1 Qd7 22.
Nd2 {Mirumian,V-Tolstikh,N/op, Decin CZE (9) 1996/ - (42)}) 8. Qe2 Bg4 9. h3
Bxf3 10. Nxf3 Qd6 11. Nh4 f5 12. f4 12... fxe4 {Raumvorteil} 13. dxe4 exf4 14.
Bxf4 14... Bd4+ $14 (14... Qe6 15. c3 $11) 15. Kh1 Be5 16. Bh6 $11 (16. Bxe5
Rxf1+ 17. Rxf1 17... Qxe5 $16) 16... Rf6 $14 (16... Rxf1+ $5 {
steht zur Diskussion} 17. Rxf1 17... Nd7 $11) 17. Rxf6 $11 (17. Nf3 $5 {
ist zu erwaegen} 17... Nd7 18. Nxe5 Qxe5 19. Qd2 $14) 17... Bxf6 (17... Qxf6 $4
18. Rf1 dxe4 19. Rxf6 Bxf6 20. Bxe4 $18) 18. exd5 cxd5 (18... Bxb2 19. Rf1 Na6
20. dxc6 Nxc6 21. Qb5 $18) 19. Rf1 Nd7 20. Bf4 Qc6 21. Qd3 $11 (21. Nf3 $5 $14)
21... Bxh4 22. gxh4 Nc5 23. Qd4 {Mit der Drohung Bh6} 23... Ne6 24. Qe5 Rf8 25.
Bg5 Rxf1+ 26. Bxf1 Nc8 27. Bg2 Nb6 28. Qf6 $11 (28. Be3 $5 28... Nc4 29. Qb8+
Kg7 30. Bxa7 $16) 28... Nxg5 $16 (28... Nd7 $5 {ist eine gute Alternative} 29.
Qf2 29... Ndc5 $11) 29. Qxc6 $11 (29. Qd8+ Kf7 30. hxg5 Qxc2 31. Bxd5+ Nxd5 32.
Qxd5+ Ke8 33. Qg8+ Kd7 34. Qxh7+ Kc6 35. Qf7 $11) 29... bxc6 30. hxg5 Nc4 31.
b3 Ne3 32. c4 d4 33. Bxc6 $15 (33. Be4 33... c5 $11) 33... d3 34. Bf3 d2 35. c5
35... d1=Q+ $11 (35... Kf7 $5 $15) 36. Bxd1 Nxd1 37. c6 Nf2+ 38. Kg2 Ne4 39. c7
$2 $19 (39. h4 $5 $15 $142 {ist noch spielbar}) 39... Nd6 40. Kf3 Kf7 41. Kf4
Ke6 42. b4 Kd7 43. Ke5 Kxc7 44. Kf6 (44. h4 44... Kc6 $19) 44... Ne4+ {
Schwarz fuehrt die Partie kraftvoll zu Ende} 45. Kg7 Nxg5 46. Kh6 (46. h4 Nf3
47. Kxh7 Nxh4 48. Kh6 $19) 46... Nxh3 47. Kxh7 (47. a3 $19 {
wuerde die Partie noch etwas verlaengern}) 47... g5 48. Kh6 g4 49. Kh5 g3 50.
Kh4 g2 51. Kxh3 51... g1=Q {Mit der Mattdrohung Kd6} 52. Kh4 (52. b5 {
waere gleichermassen fruchtlos} 52... Kd6 53. b6 axb6 54. Kh4 Ke5 55. a3 Kf4
56. a4 Qg4#) 52... Qe1+ $19 (52... Qe1+ 53. Kg4 Qxb4+ 54. Kf3 54... Qd2 $19) (
52... Kd6 53. a3 Ke5 54. Kh5 Kf5 55. b5 Qg5#) 0-1

[Event "ICS rated blitz match"]
[Site "204.178.125.65"]
[Date "1999.08.11"]
[Round "?"]
[White "capo-giugi"]
[Black "Hossa"]
[Result "0-1"]
[WhiteElo "2001"]
[BlackElo "2418"]
[Annotator "Fritz 5.32 (19s)"]
[PlyCount "31"]
[EventDate "1999.??.??"]

1. e4 1... e5 {Opening = C68 - 3.Bb5 a6 4.Bc6(dc6 5.0-0 ---)} 2. Nf3 Nc6 3. Bb5
a6 4. Bxc6 dxc6 5. d4 Bg4 6. dxe5 Qxd1+ 7. Kxd1 O-O-O+ 8. Bd2 f6 9. exf6 9...
Nxf6 {Der Freibauer e4 fuehrt schnell zu Drohungen} 10. Nc3 $11 (10. Re1 10...
Bc5 $14) 10... Bb4 11. Re1 Rhe8 12. e5 Nd7 13. h3 $2 $19 (13. Bg5 $5 $142 {
ist noch spielbar} 13... Be7 14. Bd2 $15) 13... Bxf3+ 14. gxf3 Nxe5 (14... Rxe5
$6 15. Re4 Rxe4 16. Nxe4 $15) 15. Kc1 (15. Re4 Nxf3 16. Rxe8 16... Rxe8 $19)
15... Rxd2 16. Kxd2 $4 {macht die Sache nur schlimmer} (16. f4 $19) 0-1

[Event "ICS rated blitz match"]
[Site "204.178.125.65"]
[Date "1999.08.11"]
[Round "?"]
[White "Hossa"]
[Black "Sandbagger187"]
[Result "1-0"]
[WhiteElo "2421"]
[BlackElo "2247"]
[Annotator "Fritz 5.32 (19s)"]
[PlyCount "45"]
[EventDate "1999.??.??"]

1. d4 1... Nf6 {Opening = E81 - 5.f3 0-0(6.Be3 ---)} 2. c4 g6 3. Nc3 Bg7 4. e4
d6 5. f3 O-O 6. Be3 c5 7. dxc5 dxc5 8. Qxd8 Rxd8 9. Bxc5 Nc6 10. Rd1 (10. Nd5
Nd7 11. Bxe7 Nxe7 12. Nxe7+ Kf8 13. Nd5 Bxb2 14. Rb1 Bg7 15. h4 Nb6 16. h5 Be6
17. Nh3 Rac8 18. Ng5 Bxd5 19. cxd5 Rc2 20. Bd3 Bc3+ 21. Kf1 Rd2 22. hxg6 hxg6
23. Be2 Rxa2 24. f4 Kg8 25. Rd1 Bf6 26. Nf3 Be7 27. Rh3 Na4 28. Ne5 Nc5 29. Bc4
Ra4 30. d6 Rxd6 31. Bxf7+ Kg7 32. Re1 Nxe4 33. Be8 Nd2+ 34. Kg1 Re4 35. Rc1 Bd8
36. Rc8 Bb6+ 37. Kh2 Nf1+ 38. Kh1 Re1 39. Nf3 Ng3+ 40. Kh2 Nf1+ 41. Kh1 Ra1 42.
Ng5 Ng3+ 43. Kh2 Nf1+ 44. Kh1 44... Ng3+ {
Ehlvest,J-Gelfand,B/Rubinstein mem, Polanica Zdroj POL 1997/0-1 (63)}) 10...
Nd7 $146 (10... Rxd1+ 11. Kxd1 Nd7 (11... b6 12. Ba3 Bb7 13. Nge2 Nd7 14. Kc2
e6 15. Nc1 Nd4+ 16. Kb1 Rc8 17. Nb3 Ba6 18. Nxd4 Bxd4 19. Nb5 Bxb5 20. cxb5 Bc5
21. Bxc5 Rxc5 22. Be2 Kf8 23. Rd1 Ke7 24. b4 Rc7 25. Kb2 g5 26. Kb3 Ne5 27. a4
Ng6 28. a5 h5 29. g3 h4 30. Ra1 hxg3 31. hxg3 Kf6 32. Rh1 32... Ke5 {
- Heinzel,O-Jostes,M/Bad Zwesten GER 1999 (32)}) 12. Ba3 Nde5 (12... Bxc3 13.
bxc3 b6 14. Ne2 e5 15. Nc1 a5 16. Kc2 Ba6 17. Be2 Kg7 18. Rd1 Ra7 19. Bd6 a4
20. Bb4 Rc7 21. Kb2 f6 22. Ka3 Ra7 23. Rd6 Nd8 24. c5 Bxe2 25. cxb6 Nxb6 26.
Rxb6 Bf1 27. Rd6 {Marinelli,T-Belotti,B/ch-ITA, Verona (1) 1995/ - (43)}) 13.
Nd5 e6 14. Ne7+ Nxe7 15. Bxe7 Nc6 16. Ba3 a5 17. Bd3 b6 18. Ne2 Ba6 19. f4 Rd8
20. Kc2 Bxb2 21. Bxb2 Nb4+ 22. Kb1 Nxd3 23. Rd1 Bxc4 24. Nc1 Rd7 25. Nxd3 Rxd3
26. Rc1 b5 27. a4 Rd8 28. axb5 Bxb5 29. Bf6 Rb8 30. Ka1 Bd3 31. e5 Be4 32. g4
Bd5 33. h4 a4 34. Rc3 Kf8 35. Rc7 Ke8 36. Re7+ Kf8 37. Ra7 Ra8 38. Be7+ Ke8 39.
Rxa8+ Bxa8 40. Ba3 Bf3 41. g5 Kd7 42. Kb2 Kc6 43. Kc3 Kd5 44. Bc1 Ke4 45. Bd2 {
Dableo,R-Kherdekar,S/Calicut IND 1998/ - (69)}) 11. Be3 {
Weiss ergreift die Initiative} 11... Nb4 12. Rd2 b6 13. Nd5 Nxa2 (13... Nxd5 $5
14. cxd5 14... Bb7 $16) 14. Nxe7+ Kh8 (14... Kf8 15. Nd5 Bb7 16. Ne2 $16) 15.
c5 $1 {und der Wal spuckt Jonas wieder aus} (15. Nxc8 $6 15... Raxc8 16. Bg5
16... f6 $14) 15... Re8 $2 (15... bxc5 16. Bb5 16... c4 $18) 16. Nxc8 Raxc8 17.
Rxd7 Bxb2 (17... Nb4 {hilft allerdings auch nicht} 18. Rxf7 Nc2+ 19. Kd2 Nxe3
20. Kxe3 Rxc5 21. Rxa7 Bh6+ 22. Kf2 Rc2+ 23. Ne2 Rxb2 24. Rd7 $18) 18. Rxa7 Nb4
19. cxb6 Nc2+ 20. Kf2 Rc3 (20... Nxe3 {
kann das Vorangegangene nicht ungeschehen machen} 21. Kxe3 Rc3+ 22. Kf4 Bc1+
23. Kg4 f5+ 24. exf5 gxf5+ 25. Kxf5 Rc5+ 26. Kg4 Rg5+ 27. Kh4 $18) 21. Bb5 (21.
b7 $5 {ist genauer} 21... Rg8 22. Bf4 22... Rb3 $18) 21... Rd8 (21... Rb8 {
aendert den traurigen Lauf der Dinge nicht} 22. Bf4 $1 {triumphiert} 22... Rxb6
23. Be5+ f6 24. Bxc3 Bxc3 25. Bd3 Bd4+ 26. Kg3 $18) 22. Bg5 Rb8 23. Bf6+ (23.
Bf6+ Kg8 24. Ba4 $18) 1-0

[Event "ICS rated blitz match"]
[Site "204.178.125.65"]
[Date "1999.08.11"]
[Round "?"]
[White "Hossa"]
[Black "Panthee"]
[Result "1/2-1/2"]
[WhiteElo "2430"]
[BlackElo "2255"]
[Annotator "Fritz 5.32 (19s)"]
[PlyCount "111"]
[EventDate "1999.??.??"]

1. d4 1... Nf6 {Opening = D94 - 5.e3 (0-0 6.---)} 2. c4 g6 3. Nc3 d5 4. e3 Bg7
5. Nf3 O-O 6. cxd5 Nxd5 7. e4 $146 (7. Bc4 Nxc3 (7... Nb6 8. Bb3 c5 9. O-O cxd4
10. exd4 Nc6 11. d5 Na5 12. Re1 Nxb3 13. axb3 Re8 14. Ne5 Bf5 15. Bf4 Nc8 16.
Nc4 Nb6 17. Be5 Bxe5 18. Rxe5 Nxc4 19. bxc4 Qc7 20. Qd4 Qb6 21. Ne2 Rac8 22.
Rc1 Qxd4 23. Nxd4 Bd7 24. f3 e6 25. dxe6 Bxe6 26. Nxe6 Rxe6 27. Rxe6 fxe6 28.
Kf2 {- Jelen,I-Finkel,A/2nd op, Nova Gorica SLO 1997 (28)}) 8. bxc3 c5 9. O-O
Qc7 10. Qe2 Nc6 11. Rd1 Bg4 12. Ba3 Qa5 13. Bxc5 b6 14. Bd5 bxc5 15. Bxc6 Rab8
16. h3 Bc8 17. Qc2 Qc7 18. Be4 Bd7 19. Rab1 Qa5 20. Rxb8 Rxb8 21. Rb1 21... Rc8
{Jelen,I-Djuric,S/2nd op, Nova Gorica SLO 1997/ - (42)}) (7. Be2 c5 8. Qb3 Nxc3
9. bxc3 Nc6 10. O-O Qc7 11. Bb2 Bf5 12. Qb5 cxd4 13. cxd4 a6 14. Qc5 Rfc8 15.
Rac1 Qd8 16. Qa3 Bf8 17. Qb3 Be6 18. Qd3 Bxa2 19. e4 Na5 20. d5 Qb6 21. Bd4 Qb4
22. Bc3 Qc5 23. Bb2 Qb6 24. Bd4 Qb4 25. Bc3 Qc5 26. Bb2 Bc4 27. Qc3 f6 28. Ng5
Bxe2 29. Qxc5 Rxc5 30. Ne6 Rxc1 31. Rxc1 Nc4 32. Bd4 Nd6 33. f3 Rc8 34. Rxc8
Nxc8 35. Kf2 Bb5 36. Nc5 Nd6 37. g4 Bh6 38. Ne6 Bd7 39. Nc5 Bb5 40. Kg3 Kf7 41.
Ne6 Bd2 42. e5 fxe5 43. Bxe5 a5 44. Nc5 Bb4 45. Ne6 a4 46. Kh4 h6 47. f4 47...
Be1+ {0-1 Weyer,C-Schaffarczyk,A/Bad Zwesten GER 1999 (47)}) (7. Qb3 Nb6 8. Qd1
c6 9. Be2 a5 10. a4 Na6 11. O-O Nb4 12. Na2 N6d5 13. Bd2 Qb6 14. Qb3 Nxa2 15.
Qxb6 Nxb6 16. Rxa2 Be6 17. Raa1 Rfd8 18. Rfc1 Bb3 19. Bd1 Bd5 20. Rc5 Nc4 21.
Bc3 b6 22. Rxd5 cxd5 23. b3 Nd6 24. Nd2 Rac8 25. Bb2 e6 26. g4 Rc7 27. Kg2 Rdc8
28. h4 Bf8 29. f3 Be7 30. Kg3 h5 31. Kh3 hxg4+ 32. fxg4 Kg7 33. e4 dxe4 34. d5+
Bf6 35. Bxf6+ Kxf6 36. dxe6 Kxe6 37. g5 Ke5 38. Bg4 Rc3+ 39. Kg2 39... Rc2 {
0-1 Portelli,S-Ivacic,V/2nd op, Nova Gorica SLO 1997 (39)}) 7... Nxc3 {
Schwarz geht zum Angriff ueber} 8. bxc3 c5 9. Be3 Nc6 10. Be2 Bg4 11. Rb1 Bxf3
12. Bxf3 cxd4 13. cxd4 Nxd4 14. Rxb7 $19 (14. O-O $5 14... Rb8 15. Be2 $17)
14... Qa5+ 15. Bd2 15... Qxa2 {Mit der Absicht Rab8} 16. Rxe7 $2 (16. Rc7 $19
$142) 16... Rfd8 {Mit der Idee Nb3} (16... Nxf3+ 17. gxf3 (17. Qxf3 $4 17...
Rad8 18. Qd1 18... Bh6 $19) 17... Rfd8 18. Rc7 $19) 17. Rc7 Rab8 ({
Nachteilig ist} 17... Nxf3+ 18. gxf3 Rab8 19. O-O $19) 18. Bg4 (18. O-O {
aendert nichts am Ausgang der Partie} 18... Nxf3+ 19. Qxf3 19... Rxd2 $19)
18... Rb2 (18... Rb1 $5 {gibt noch groesseren Vorteil} 19. O-O Rxd1 20. Rxd1
$19) 19. Rd7 (19. O-O {bot noch bessere Widerstandsmoeglichkeiten} 19... Rxd2
20. Qc1 $19) 19... Rxd7 20. Bxd7 Nb3 (20... Qc4 $142 {
entschiede die Partie sofort} 21. f4 Nc2+ 22. Kf2 Qd4+ 23. Kg3 Rb3+ 24. Qf3
Rxf3+ 25. gxf3 Qxd2 26. Bb5 $19) 21. Bb4 21... Rb1 $1 {das wars. Es droht Matt}
({Nicht} 21... Rxf2 22. Bg4 Nd4 23. Rg1 $19) 22. O-O 22... Rxd1 {
Droht Matt: Qe2} 23. Rxd1 Bd4 24. Kh1 (24. Rf1 {
macht keinen grossen Unterschied} 24... a5 25. Be1 25... Nc5 $19) 24... Qxf2 (
24... a5 $5 {waere im Gewinnsinne praeziser} 25. Bxa5 Qxa5 26. Bc6 $19) 25. Ba4
25... Nc5 {Es droht Matt} 26. Bxc5 Bxc5 27. Bc6 (27. h3 {aendert nichts mehr}
27... Bd6 $19) 27... h5 (27... Qc2 $142 {und Schwarz gewinnt} 28. Rf1 Qd3 29.
Re1 $19) 28. Rb1 (28. h3 {nuetzt auch nichts mehr} 28... a5 $19) 28... Bb6 (
28... Qc2 $142 {machte sofort alles klar} 29. Rf1 Qe2 30. Rc1 $19) 29. Bd5 Kg7
30. Rd1 h4 31. h3 Bc7 32. Bb7 (32. e5 {waere gleichermassen fruchtlos} 32...
Bxe5 33. Bc6 33... a5 $19) 32... Qg3 (32... Qc2 $142 {ist genauer} 33. Re1 Qc3
34. Rb1 $19) 33. e5 33... Bxe5 {Droht Matt} 34. Kg1 Bf4 (34... Qe3+ {
damit wuerde Schwarz es sich noch erleichtern} 35. Kh1 $19) 35. Kf1 (35. Bf3 {
ist der letzte Rettungsanker} 35... Be3+ 36. Kh1 $19) 35... Be3 (35... Qe3 $142
{und Schwarz ist direkt am Ziel} 36. Re1 Qd4 37. Ba8 $19) 36. Ke2 a5 (36... Qe5
$5 {ginge schneller} 37. Bf3 $19) 37. Bf3 a4 (37... Qf2+ $142 {
entschiede die Partie sofort} 38. Kd3 $19) 38. Kxe3 a3 39. Ke4 a2 40. Kd4 Qf2+
41. Kc3 f5 (41... Qb6 $19 $142 {und nichts geht mehr}) 42. Ra1 (42. Kb3 {
hilft auch nicht mehr} 42... g5 43. Ra1 g4 44. hxg4 44... fxg4 $19) 42... g5
43. Kb3 g4 44. hxg4 fxg4 45. Ba8 h3 (45... Qb6+ $142 {machte sofort alles klar}
46. Kxa2 Qb8 47. Bd5 Qa7+ 48. Kb1 Qb6+ 49. Ka2 Qa5+ 50. Kb1 Qxd5 51. Ra2 $19)
46. gxh3 gxh3 47. Rxa2 Qb6+ 48. Kc4 Qe6+ 49. Bd5 Qc8+ (49... Qg4+ {
ginge schneller} 50. Kd3 $19) 50. Kd4 Qg4+ 51. Kc5 Qg3 (51... Qg1+ $5 {
erleichterte Schwarz die Gewinnfuehrung} 52. Kc4 $19) 52. Ra7+ Kg6 53. Ra2 (53.
Ra6+ {aendert den traurigen Lauf der Dinge nicht} 53... Kf5 $19) 53... h2 $17 (
53... Qg1+ $142 {und Schwarz gewinnt} 54. Kd6 54... h2 $19) 54. Rg2 Qxg2 55.
Bxg2 h1=Q 56. Bxh1 1/2-1/2

[Event "ICS rated blitz match"]
[Site "204.178.125.65"]
[Date "1999.08.11"]
[Round "?"]
[White "Panthee"]
[Black "Hossa"]
[Result "0-1"]
[WhiteElo "2262"]
[BlackElo "2423"]
[Annotator "Fritz 5.32 (19s)"]
[PlyCount "42"]
[EventDate "1999.??.??"]

1. e4 1... e5 {Opening = C70 - 4.Ba4 ---} 2. Nf3 Nc6 3. Bb5 a6 4. Ba4 Nge7 5.
O-O f5 6. exf5 b5 7. Bb3 d5 ({Weniger gut ist} 7... Nxf5 8. Re1 d6 9. d4 $16)
8. d4 exd4 9. Nxd4 Nxd4 10. Qxd4 Bxf5 11. Bg5 c6 12. Re1 12... Kf7 $2 $18 (
12... Qd6 $5 $14 $142 {damit waere Schwarz im Spiel geblieben}) 13. Nd2 $16 (
13. Qf4 $5 $142 13... g6 14. g4 $18) 13... Qd7 14. Re3 $14 (14. a4 bxa4 15.
Bxa4 15... h6 $16) 14... Rc8 15. Qh4 $15 (15. Rae1 Ng6 16. c4 $16) 15... Ng6 {
Schwarz entwickelt eine toedliche Initiative} 16. Qg3 (16. Qd4 h6 17. Bh4 Nxh4
18. Qxh4 18... g5 $15) 16... Bd6 17. f4 $4 $19 (17. Qf3 Ne5 18. Qh5+ g6 19. Qe2
$17) 17... h6 18. Rae1 (18. Ne4 {der letzte Widerstandsversuch} 18... Bxe4 19.
Rxe4 $19) 18... hxg5 19. Qxg5 Bxf4 (19... Nxf4 $6 20. Re5 Bxe5 21. Rxe5 Nh3+
22. gxh3 Bxh3 23. Re3 $19) 20. Re7+ $5 20... Kg8 21. Qxg6 (21. Qxf4 {
holt die Kuh nicht vom Eis} 21... Qxe7 22. Rxe7 22... Nxf4 $19 (22... Nxe7 $6
23. Nf3 $11)) 21... Qxe7 $3 {ein kraftvolles Opfer, das die Partie entscheidet}
(21... Qxe7 22. Rxe7 Bxh2+ 23. Kf2 23... Bxg6 $19) 0-1

[Event "ICS rated blitz match"]
[Site "204.178.125.65"]
[Date "1999.08.11"]
[Round "?"]
[White "Hossa"]
[Black "Panthee"]
[Result "0-1"]
[WhiteElo "2432"]
[BlackElo "2253"]
[Annotator "Fritz 5.32 (19s)"]
[PlyCount "57"]
[EventDate "1999.??.??"]

1. d4 1... Nf6 {Opening = D94 - 5.e3 (0-0 6.---)} 2. c4 g6 3. Nc3 d5 4. e3 Bg7
5. Nf3 O-O 6. cxd5 Nxd5 7. e4 $146 (7. Bc4 Nxc3 (7... Nb6 8. Bb3 c5 9. O-O cxd4
10. exd4 Nc6 11. d5 Na5 12. Re1 Nxb3 13. axb3 Re8 14. Ne5 Bf5 15. Bf4 Nc8 16.
Nc4 Nb6 17. Be5 Bxe5 18. Rxe5 Nxc4 19. bxc4 Qc7 20. Qd4 Qb6 21. Ne2 Rac8 22.
Rc1 Qxd4 23. Nxd4 Bd7 24. f3 e6 25. dxe6 Bxe6 26. Nxe6 Rxe6 27. Rxe6 fxe6 28.
Kf2 {- Jelen,I-Finkel,A/2nd op, Nova Gorica SLO 1997 (28)}) 8. bxc3 c5 9. O-O
Qc7 10. Qe2 Nc6 11. Rd1 Bg4 12. Ba3 Qa5 13. Bxc5 b6 14. Bd5 bxc5 15. Bxc6 Rab8
16. h3 Bc8 17. Qc2 Qc7 18. Be4 Bd7 19. Rab1 Qa5 20. Rxb8 Rxb8 21. Rb1 21... Rc8
{Jelen,I-Djuric,S/2nd op, Nova Gorica SLO 1997/ - (42)}) (7. Be2 c5 8. Qb3 Nxc3
9. bxc3 Nc6 10. O-O Qc7 11. Bb2 Bf5 12. Qb5 cxd4 13. cxd4 a6 14. Qc5 Rfc8 15.
Rac1 Qd8 16. Qa3 Bf8 17. Qb3 Be6 18. Qd3 Bxa2 19. e4 Na5 20. d5 Qb6 21. Bd4 Qb4
22. Bc3 Qc5 23. Bb2 Qb6 24. Bd4 Qb4 25. Bc3 Qc5 26. Bb2 Bc4 27. Qc3 f6 28. Ng5
Bxe2 29. Qxc5 Rxc5 30. Ne6 Rxc1 31. Rxc1 Nc4 32. Bd4 Nd6 33. f3 Rc8 34. Rxc8
Nxc8 35. Kf2 Bb5 36. Nc5 Nd6 37. g4 Bh6 38. Ne6 Bd7 39. Nc5 Bb5 40. Kg3 Kf7 41.
Ne6 Bd2 42. e5 fxe5 43. Bxe5 a5 44. Nc5 Bb4 45. Ne6 a4 46. Kh4 h6 47. f4 47...
Be1+ {0-1 Weyer,C-Schaffarczyk,A/Bad Zwesten GER 1999 (47)}) (7. Qb3 Nb6 8. Qd1
c6 9. Be2 a5 10. a4 Na6 11. O-O Nb4 12. Na2 N6d5 13. Bd2 Qb6 14. Qb3 Nxa2 15.
Qxb6 Nxb6 16. Rxa2 Be6 17. Raa1 Rfd8 18. Rfc1 Bb3 19. Bd1 Bd5 20. Rc5 Nc4 21.
Bc3 21... b6 {Portelli,S-Ivacic,V/2nd op, Nova Gorica SLO 1997/0-1 (39)}) 7...
Nxc3 {Nun geraet Weiss unter starken Druck.} 8. bxc3 c5 9. Be3 Nc6 10. Be2 Bg4
11. Rb1 Bxf3 12. Bxf3 cxd4 13. cxd4 Nxd4 14. Rxb7 $19 (14. O-O $5 14... Rb8 15.
Be2 $17) 14... Qa5+ 15. Bd2 15... Qxa2 {Schwarz plant Rab8} 16. Rxe7 $2 (16.
Rc7 $19 $142) 16... Rfd8 {Schwarz plant Nb3} (16... Nxf3+ 17. gxf3 (17. Qxf3 $4
17... Rad8 18. Qd1 18... Bh6 $19) 17... Rfd8 18. Rc7 $19) 17. Rc7 Rab8 ({
Jedoch nicht} 17... Nxf3+ 18. gxf3 Rab8 19. O-O $19) 18. Bg4 (18. O-O {
aendert nichts am Ausgang der Partie} 18... Nxf3+ 19. Qxf3 19... Rxd2 $19)
18... Rb2 (18... Rb1 $5 {erleichterte Schwarz die Gewinnfuehrung} 19. O-O Rxd1
20. Rxd1 $19) 19. Rd7 (19. O-O {sonst gehen die Lichter sofort aus} 19... Rxd2
20. Qc1 $19) 19... Rxd7 20. Bxd7 Nb3 (20... Qc4 $142 {liesse Weiss keine Chance
} 21. f4 Nc2+ 22. Kf2 Qd4+ 23. Kg3 Rb3+ 24. Qf3 Rxf3+ 25. gxf3 Qxd2 26. Bb5 $19
) 21. Bb4 21... Rb1 $1 {Boing!. Droht Matt} ({Schlechter scheint} 21... Rxf2
22. Bg4 Nd4 23. Rg1 $19) 22. O-O 22... Rxd1 {Mit der Mattdrohung Qe2} 23. Rxd1
Bd4 24. Kh1 (24. Rf1 {nuetzt auch nichts mehr} 24... a5 25. Be1 25... Nc5 $19)
24... Qxf2 (24... a5 $5 {und Schwarz haette es noch leichter} 25. Bxa5 Qxa5 26.
Bc6 $19) 25. Ba4 25... Nc5 {Droht Matt: Nd3} 26. Bxc5 Bxc5 27. Bc6 (27. h3 {
aendert den traurigen Lauf der Dinge nicht} 27... Bd6 $19) 27... Bd4 (27... Qc2
$142 {ist der schnellste Weg} 28. Rf1 Qd3 29. Re1 $19) 28. Bb5 a5 29. Rf1 0-1

[Event "ICS rated blitz match"]
[Site "204.178.125.65"]
[Date "1999.08.11"]
[Round "?"]
[White "Hossa"]
[Black "postalex"]
[Result "0-1"]
[WhiteElo "2418"]
[BlackElo "2046"]
[Annotator "Fritz 5.32 (19s)"]
[PlyCount "43"]
[EventDate "1999.??.??"]

1. d4 1... d5 {Opening = D32 - 3.Nc3 c5 (4.cd5 ed5 5.Nf3 Nc6 6.---)} 2. c4 e6
3. Nc3 c5 4. cxd5 cxd4 5. Qa4+ Bd7 6. Qxd4 exd5 7. Qxd5 Nc6 8. Nf3 Nf6 9. Qb3 (
9. Qd1 Bc5 10. e3 Qe7 11. Be2 O-O-O 12. O-O g5 13. a3 g4 14. Nd4 Kb8 15. b4 Bb6
16. b5 Ne5 17. a4 Rhg8 18. Ba3 Bc5 19. Bxc5 Qxc5 20. Rc1 h5 21. Qb3 Nf3+ 22.
Nxf3 Be6 23. Qb2 23... gxf3 {Sergienko,S-Pisk,P/Trinec CZE 1999/ - (36)}) 9...
Bc5 10. e3 10... O-O $146 (10... Qe7 11. Bd2 (11. a3 O-O-O 12. Bd2 Kb8 13. Rc1
Rc8 14. Nd5 Nxd5 15. Qxd5 Bb6 16. Bc4 Be6 17. Qe4 Nd8 18. Bxe6 Rxc1+ 19. Bxc1
Nc6 20. O-O g6 21. Qe5+ {
1-0 Berrotaran,E-Ravazzoli,O/XXIII COOP, Buenos Aires ARG 1997 (21)}) (11. Be2
O-O-O 12. a3 Kb8 13. Qc2 Rc8 14. O-O g5 15. b4 g4 16. Nh4 Bb6 17. Bb2 Rhg8 18.
Rad1 Rg5 19. Qd2 Be6 20. Qd6+ Qxd6 21. Rxd6 Bc7 22. Rd2 Nd7 23. Nb5 Bb6 24. Nd6
Rd8 25. Rfd1 25... Nde5 {
Yakovich,Y-Panikarovsky,A/Petrov mem, St Petersburg RUS 1998/1-0 (40)}) 11...
O-O-O 12. Bb5 g5 13. Rc1 Kb8 14. Na4 Ne4 15. Nxc5 Nxc5 16. Qa3 b6 17. Bc3 g4
18. Nd2 Ne5 19. Bxe5+ Qxe5 20. Bxd7 Rxd7 21. Nc4 Qe4 22. O-O Nd3 23. Rc3 Rhd8
24. Qa6 Qe6 25. Nxb6 {Gomez Esteban,J-Bellon Lopez,J/Elgoibar ESP 1998/1-0 (42)
}) 11. Qxb7 $4 $19 {gibt den Vorteil aus der Hand} (11. Bd3 $14 $142 {
war der einzige Versuch}) 11... Nb4 {
Schwarz entwickelt eine toedliche Initiative} 12. Nd4 Rb8 13. Qf3 Bxd4 14. Qe2
(14. exd4 Re8+ 15. Be3 Nc2+ 16. Kd1 Nxa1 17. Kc1 $19) 14... Bxc3+ 15. bxc3 Bb5
16. cxb4 16... Bxe2 {Droht Matt: Qd1} 17. Bxe2 Ne4 ({Nachteilig ist} 17... Rxb4
18. Ba3 Qa5 19. Bxb4 Qxb4+ 20. Kf1 $19) 18. O-O Re8 ({Und nicht} 18... Rxb4 19.
Ba3 a5 20. Rad1 $19) 19. a3 Qf6 20. Ra2 Nc3 21. Rc2 Nxe2+ 22. Rxe2 0-1

[Event "ICS rated blitz match"]
[Site "204.178.125.65"]
[Date "1999.08.11"]
[Round "?"]
[White "ParalyseCabbage"]
[Black "Hossa"]
[Result "0-1"]
[WhiteElo "2107"]
[BlackElo "2389"]
[Annotator "Fritz 5.32 (19s)"]
[PlyCount "44"]
[EventDate "1999.??.??"]

1. e3 1... g6 {Opening = 1.---} 2. d4 Bg7 3. Nf3 d5 4. Be2 Nc6 5. O-O (5. c4
5... e6 $11) 5... e5 6. c3 {Sichert b4} (6. dxe5 Nxe5 7. Nxe5 7... Bxe5 $14)
6... f6 {Deckt g5} 7. a4 (7. c4 e4 8. Nfd2 8... f5 $11) 7... Nge7 8. Na3 Bf5 9.
Bd2 O-O 10. Be1 Qd7 11. b4 Be4 12. Nd2 Bf5 13. Nb3 {Jetzt haengt a5 in der Luft
} 13... b6 {Ueberdeckt a5+c5} 14. a5 {Weiss gewinnt Raum} 14... Rae8 15. b5
Nxa5 16. Nxa5 bxa5 17. Qa4 $15 (17. c4 $5 $14 {ist interessant}) 17... Rc8 $11
(17... a6 18. Qxa5 axb5 19. Qxb5 $11) 18. Qxa5 c5 19. bxc6 $15 {
Ist dieser Freibauer gefaehrlich?} (19. dxc5 $5 $142 {muss geprueft werden}
19... Rxc5 20. c4 $14) 19... Nxc6 ({Nicht} 19... Rxc6 20. Bb5 $14) 20. Qa4 $19
(20. Qa6 $5 $15 $142 {kam sehr in Betracht}) 20... Nxd4 $1 {ganz unerschrocken}
21. Bb5 $2 (21. Qd1 $142 21... Nxe2+ 22. Qxe2 $19) 21... Nxb5 22. Nxb5 (22.
Qxb5 Qxb5 23. Nxb5 Bd3 24. Nxa7 24... Ra8 $19) 22... a6 (22... a6 23. Qxa6
23... Bd3 $19) 0-1